| 000 | 00500nam a2200157 i 4500 | ||
|---|---|---|---|
| 001 | 96748 | ||
| 003 | ES-MaACL | ||
| 007 | t| | ||
| 008 | 050630s1982 sp ||||1| spa d | ||
| 100 | 1 |
_aManacorda, Paola M. _975907 |
|
| 245 | 1 | 3 |
_aEl ordenador del capital _b: razón y mito de la informática / _cPaola M. Manacorda; [traducción: Miguel Pellicer]. |
| 260 |
_aMadrid : _bBlume, _c1982. |
||
| 300 |
_a205 p. ; _c21 cm. |
||
| 700 | 1 |
_aPellicer, Miguel. _990086 |
|
| 852 |
_aES-MaACL _jL-3443 _bR.103620 |
||
| 999 |
_c96748 _d96748 |
||